00351nam a2200109Ia 450000500170000000800410001710000190005824501170007726000130019430000110020765000230021820260328104344.0260328s9999||||xx |||||||||||||| ||und|| aBokhua, George 0aPrinciples of Logo Design :b A Practical Guide to Creating Effective Signs, Symbols, and Icons /cGeorge Bokhua bRockport a221 p. aDISEÑO GRÁFICO